| 000 | 00658cam a2200229 4500 | ||
|---|---|---|---|
| 008 | 090401t1982 xxu||||| |||| 00| 0 eng d | ||
| 020 | _a0137632509 | ||
| 035 | _a(Sirsi) u62691 | ||
| 041 | _aeng | ||
| 050 | _a332.63240973 | ||
| 100 | _aJaffe, Austin J | ||
| 245 | _aReal estate investment decision making | ||
| 260 |
_aEnglewood Cliffs, NJ _bPrentice-Hall _c1982 |
||
| 300 | _axxxiv,556p. ; 24cm | ||
| 350 | _a55.06 | ||
| 650 | _aPROPERTY INVESTMENT | ||
| 650 | _aUNITED STATES OF AMERICA | ||
| 690 | _aPROPERTY-COMMERCIAL PROPERTY-COMMERCIAL PROPERTY FINANCE AND INVESTMENT | ||
| 700 | _aSirmans, C. F. | ||
| 942 | _n0 | ||
| 948 | _c04/03/1997 | ||
| 999 |
_c94468 _d94468 |
||